| 000 | 00493nam a2200205Ia 4500 | ||
|---|---|---|---|
| 008 | 170918s9999 xx 000 0 und d | ||
| 020 | _a9780545552974 | ||
| 050 | _bC971 2013 | ||
| 100 | _aCummings, Troy | ||
| 245 | _aAttack of the shadow smashers / | ||
| 245 | _cby Troy Cummings. | ||
| 260 | _aNew York : | ||
| 260 | _bScholastic, | ||
| 260 | _c2013 | ||
| 300 | _a88 pages : | ||
| 300 | _billustrations ; | ||
| 300 | _c19cm. | ||
| 300 | _eThe notebook of doom ; | ||
| 440 | _a3 | ||
| 999 |
_c343840 _d343840 |
||